Meilleur buteur Copa America par édition depuis 1989 - Statistiques

Statistiques générales
  • Ce quiz a été pris 53 fois
  • Le résultat moyen est 5 sur 18
Statistiques - réponses
Hint Réponse % Correct
2021 Messi
100%
1999 Ronaldo
69%
2024 Martinez
62%
1999 Rivaldo
45%
1995 Batistuta
33%
1991 Batistuta
33%
2004 Adriano
26%
1989 Bebeto
21%
2016 Vargas
21%
2015 Vargas
21%
2007 Robinho
19%
1997 Hernandez
14%
2019 Guerrero
10%
2015 Guerrero
10%
2011 Guerrero
10%
2019 Santos
2%
2001 Ariztisabal
0%
1993 Dolgeta
0%
Aucun quiz correspondant
Distribution des résultats
% des personnes avec chaque résultat
Percentile par nombre de réponses
Votre historique - résultats
Vous n’avez pas pris ce quiz